Dodržiavanie predpokladov finančnej stability a ich vplyv na finančnú výkonnosť podnikov

Skúmanie dodržiavania základného pravidla financovania podnikov (zlatého bilančného pravidla) medzi jednotlivými veľkostnými kategóriami podnikov a jeho vplyv na výkonnosť týchto podnikov. Nedodržiavanie zlatého bilančného pravidla a vývoj HDP (2008-2013).

Na minha lista:
Detalhes bibliográficos
Autor principal: Kalusová, Lenka, 1987-
Formato: Capítulo de Livro
Idioma:eslovaco
Assuntos:
Tags: Adicionar Tag
Sem tags, seja o primeiro a adicionar uma tag!

MARC

LEADER 00000naa$a2200000$$$4500
001 0210067
005 20240502073510.0
041 0 |a slo 
044 |a SK 
245 1 0 |a Dodržiavanie predpokladov finančnej stability a ich vplyv na finančnú výkonnosť podnikov  |c Lenka Kalusová 
520 |a Skúmanie dodržiavania základného pravidla financovania podnikov (zlatého bilančného pravidla) medzi jednotlivými veľkostnými kategóriami podnikov a jeho vplyv na výkonnosť týchto podnikov. Nedodržiavanie zlatého bilančného pravidla a vývoj HDP (2008-2013). 
610 2 0 |a podnik malý 
610 2 0 |a podnik stredný 
610 2 0 |a podnik veľký 
610 2 0 |a financovanie podnikov 
610 2 0 |a výkonnosť podniku 
100 1 |a Kalusová, Lenka, 1987-